|
|
|
|
| LEADER |
00000cam a2200000 a 4500 |
| 001 |
vtls001363029 |
| 003 |
SK-MaSNL |
| 005 |
20260301201119.0 |
| 008 |
180130s1999 xo 0 slo |
| 035 |
|
|
|a SNK000316626
|
| 040 |
|
|
|a SNK
|b slo
|c SNK
|e AACR2
|
| 044 |
|
|
|a xo
|c SK
|
| 046 |
|
|
|a s
|m 19904 (účin.)
|
| 072 |
|
7 |
|a 631
|x Poľnohospodárstvo. Pedológia. Agrotechnika. Agroekológia
|2 konspekt
|
| 080 |
|
|
|a 631.3
|2 2011
|
| 130 |
|
|
|a STN 30 0430 (STN ISO/TR 12369)
|9 581229
|
| 245 |
1 |
|
|a STN ISO/TR 12369: 1999, (30 0430) Poľnohospodárske traktory a stroje. Konektorové spojenie na prenos elektrickej energie
|
| 260 |
|
|
|a Bratislava
|b Úrad pre normalizáciu, metrológiu a skúšobníctvo SR
|c 1999
|
| 300 |
|
|
|a 8 s.
|
| 650 |
0 |
7 |
|a poľnohospodárske stroje
|2 SNKPH
|9 3574
|
| 650 |
0 |
7 |
|a Agricultural machines
|2 SNKPH
|9 291763
|
| 852 |
|
|
|a Štátna vedecká knižnica v Banskej Bystrici
|
| 999 |
|
|
|c 893413
|d 895343
|
| 952 |
|
|
|t P60, <03>, [BOOK], {603}
|a SNK
|b SNK
|y PREZ
|7 0
|p 17A0192708
|o snkSTN ISO/TR 12369
|i snkN 1193/99
|0 0
|1 0
|4 0
|d 1999-05-12
|l 0
|r 2005-01-02 00:00:00
|w 2026-02-24
|
| 952 |
|
|
|t P60, <04>, [BOOK], {604}
|a SNK
|b SNK
|y VYP
|7 0
|p 17A0192709
|o snkSTN ISO/TR 12369 D1
|i snkN 1194/99
|0 0
|1 0
|4 0
|d 1999-05-12
|l 0
|r 2005-01-02 00:00:00
|w 2026-02-24
|